000 01039nam a2200241 i 4500
001 154217
003 ES-MaACL
005 20250719062539.0
008 050711s1876 sp |||| |bspa d
100 1 _aGalvete, Javier.
_953703
245 1 0 _aJuan Howard
_b: apuntes biográficos /
_cpor Javier Galvete.
260 _aMadrid :
_bLibrería nacional y extranjera,
_c1876 (
_fImp. de M.G. Hernández)
300 _a29 p. ;
_c22 cm.
594 _aPrecede al tít.: La moralidad en nuestros tiempos, filántropos y reformadores.
600 1 7 _aHoward, John,
_d1726-1790
_9166993
852 _aES-MaACL
_jD-273(11)
_bR.FOLL.12/11
_cSVI
_9159857
_hDonación: Francisco Lastres y Juiz
852 _aES-MaACL
_jT-207-F-12
_z- Enc. en un vol. facticio, falto de cub. original
852 _aES-MaACL
_jT-376-F-19
_z- Enc. en un vol. facticio, falto de cub. original
903 _aLastres y Juiz, Francisco,
_d1848-1918
_q1
_ednr
_970504
942 _2udc
_cFOLLETOS
999 _c154217
_d154217